000 01122nam a22002777a 4500
999 _c116638
_d116638
003 dpl
005 20181112134207.0
008 181112b ||||| |||| 00| 0 eng d
010 _aB-000909
020 _c150.00
_a8170164672
035 _aB-000909, B-000927
037 _bCen Lib/Ret
040 _aDPL
_bHN
_c0
082 _a
_bतिवारी
100 _aतिवारी, अरविन्द
_967526
245 _aशेष अगले अंक में /
_cअरविन्द तिवारी
246 _aShesh agle ank me /
_bby Arvind Tiwari
260 _aनयी दिल्ली
_bकिताबघर प्रकाशन
_c2000
270 _a24, अंसारी रोड, दरियागंज
_bनयी दिल्ली
_e110002
300 _a227पृ.
_c20सेमी(सजिल्द )
650 _aहिंदी साहित्य
_x
_z
_967527
650 _aहिंदी -- उपन्यास
_967528
650 _aHindi literature
_v
_967529
650 _aHindi -- Fiction
_927248
942 _2ddc
_cHN
_h
_mतिवारी